| 000 | 00477nam a22001697a 4500 | ||
|---|---|---|---|
| 008 | 150327b xxu||||| |||| 00| 0 eng d | ||
| 020 | _a9780071637145 | ||
| 041 | 0 | _aeng | |
| 080 | _a336.33 DYM | ||
| 100 | _aDym, Steven. | ||
| 245 | 1 | 4 | _aThe complete practitioner's guide to the bond market / |
| 260 |
_aNew York : _bMcGraw-Hill, _c2010. |
||
| 300 |
_a457 f.: _bme il.; _c25 cm. |
||
| 505 | _aIndex: f.445-457 | ||
| 650 | 0 | _aTregu i bonove | |
| 942 |
_2udc _cBK |
||
| 999 |
_c558 _d558 |
||